000 00812nam a2200241 4500
003 OSt
005 20240614011034.0
006 a
008 240614b |||||||| |||| 00| 0 eng d
020 _a9781412971102
040 _aDWCL-Main lib.
_cOC
082 _aCirc. 372.6044 M517i 2010
100 _aMelber, Leah M.
245 _aIntegrating language arts and social studies : 25 strategies for K-8 inquiry-based learning /
260 _aLos Angeles :
_bSAGE Pub.,
_cc2010.
300 _axviii,
_b188 p. : b & w ill. ;
_c28 cm.
504 _aIncludes bibliographical references & index.
650 _a1. Language arts (Elementary).
650 _a2. Social studies–Study and teaching (Elementary).
650 _a3. Inquiry-based learning.
700 _aLeah M Melber
942 _2ddc
_n0
_cBK-CIRC
_kCirc.
999 _c662
_d662